000 00476nam a22001577a 4500
999 _c264094
_d264093
003 OSt
005 20240722151037.0
008 240722b xxu||||| |||| 00| 0 eng d
010 _a89051536
020 _a 0307021831
040 _cDLC
245 _a Barbie :
_b a picnic surprise /
_c written by Leslie McGuire ; illustrated by Art and Kim Ellis.
260 _aRacine, Wis. :
_bWestern Pub. Co.,
_cc1990.
300 _a[24] p. :
_b col. ill. ;
_c21 cm.
942 _2lcc
_cBK